000 00470nam a2200181 4500
001 25250
005 20230404125707.0
008 060907n2004 dr spa
035 _9funglode25441
041 _aEN
050 1 4 _aCD ONU 0158
110 _aUnited Nations
245 1 _aWorld youth report :
_bnew concerns /
_cUnited Nations
260 _aNew York :
_bUnited Nations,
_c2004
300 _a12 p
440 _aWorld Chronocle ;
_v942
942 _2lcc
_ccd
999 _c2841
_d2841